000 00612nam a22001697a 4500
999 _c19835
_d19835
008 240325b ||||| |||| 00| 0 eng d
020 _a0024183903
082 _aDC 808.0427
_bSu5 1989
100 _aSullivan, Kathleen E.
_955249
245 _aParagraph practice :
_bwriting the paragraph and the short composition /
_cKathleen E. Sullivan.
250 _a6th edition.
260 _aNew York :
_bMacmillan Publishing Company,
_c©1989.
300 _axiii, 217 pages :
_billustrations ;
_c25 cm.
650 _aEnglish language
_xRhetoric.
_955755
650 _aEnglish language
_xParagraphs.
_92520
942 _2ddc
_cDC